Revista del Ministerio de Trabajo y Asuntos Sociales (Registro nro. 160278)

Detalles MARC
000 -LEADER
fixed length control field 01477ny a22003373n 4500
008 - FIXED-LENGTH DATA ELEMENTS--GENERAL INFORMATION
fixed length control field A10218c19uu9999sp f p | f0 0 spa d
022 ## -
-- 1137-5868
035 ## -
-- 41
040 ## - CATALOGING SOURCE
Original cataloging agency BUS
Modifying agency vLex
080 ## -
-- 349.2 (05)
090 ## -
-- 1817
-- 1817
245 00 - TITLE STATEMENT
Title Revista del Ministerio de Trabajo y Asuntos Sociales
Medium [Recurso electrónico]
256 ## -
-- Servicio en línea
260 ## - PUBLICATION, DISTRIBUTION, ETC. (IMPRINT)
Place of publication, distribution, etc Madrid :
Name of publisher, distributor, etc Ministerio de Trabajo y Asuntos Sociales
310 ## -
-- Dos números al año
506 1# - RESTRICTIONS ON ACCESS NOTE
Terms governing access Contenido solo disponible en los productos indicados
Authorized users vLex Global
-- vLex Global (Academic Edition, excluding Law Schools)
-- vLex Global (U.S. Academic Edition, Law Schools)
-- vLex Global (U.S. Academic Edition, excluding Law Schools)
-- vLex Global (Academic Edition, Law Schools)
580 ## - LINKING ENTRY COMPLEXITY NOTE
Linking entry complexity note En parte es continuación de: Revista de Trabajo y Seguridad Social
650 07 - SUBJECT ADDED ENTRY--TOPICAL TERM
Source of heading or term Tesauro vLex
Topical term or geographic name as entry element Laboral
650 07 - SUBJECT ADDED ENTRY--TOPICAL TERM
Source of heading or term Tesauro vLex
Topical term or geographic name as entry element Contrato de trabajo
650 07 - SUBJECT ADDED ENTRY--TOPICAL TERM
Source of heading or term Tesauro vLex
Topical term or geographic name as entry element Derecho a la prestación por desempleo
650 07 - SUBJECT ADDED ENTRY--TOPICAL TERM
Source of heading or term Tesauro vLex
Topical term or geographic name as entry element Empresa y empresario
650 07 - SUBJECT ADDED ENTRY--TOPICAL TERM
Source of heading or term Tesauro vLex
Topical term or geographic name as entry element Relaciones laborales
650 07 - SUBJECT ADDED ENTRY--TOPICAL TERM
Source of heading or term Tesauro vLex
Topical term or geographic name as entry element Formación y promoción profesional
710 1# - ADDED ENTRY--CORPORATE NAME
Corporate name or jurisdiction name as entry element España.
Subordinate unit Ministerio de Trabajo y Asuntos Sociales
740 0# -
-- vLex Revista (Servicios en línea)
843 ## -
-- Electrónica. Abierta
853 ## -
-- 1
-- (year)
-- (month)
-- (day)
856 40 - LOCALIZACIÓN Y ACCESO ELECTRÓNICO
Identificador Uniforme del Recurso (URI/URL) http://vlex.com/account/login_ip?fuente_id=41
942 ## -
-- RAA
999 ## -
-- 160278
-- 160278

No hay ítems disponibles.


CONTACTO


NOSOTROS


SITIOS DE INTERES

coordinacion.biblioteca.biblioteca@unienlinea.mx Misión, Visión y Objetivos Bases de datos
Directorio Bibliotecas Digitales y Repositorios
Normatividad Revistas y artículos
Convenios interbibliotecarios
Boletines



Hecho en México. Universidad Insurgentes (UIN). Todos los derechos reservados 2024. Esta página y sus contenidos pueden ser reproducidos con fines no lucrativos, siempre y cuando no se mutile, se cite la fuente completa y su dirección electrónicas. De otra forma requiere permiso previo por escrito de la institución




2024 Copyright Universidad Insurgentes | www.bibliouin.com.mx